00710nam a2200229 a 4500008004100000020001900041040002500060041000800085044001100093080001700104080002200121100002600143245004200169260003200211300002700243500002200270500003500292504002500327650004800352651004800400710003200448020123s2000 m yxo aa r y 0 slo c a8096770314c21 aSNKbslocSNKeAACR21 aslo axocSK a943.767.2-22 a371(437.672)(091)1 aGroško, Imrich4aut10aKurima a jej školycImrich Groško aMichalovcebL. Martonc2000 a168 s.bfotogr.c22 cm aIlustr. na front. aVyd. Imrich Groško, Košice aBibliogr. s. 164-16807aškolstvozKurima (Slovensko)xdejiny2SNK07aKurima (Slovensko)xškolstvoxdejiny2SNK0 aIvan Groško Košice4pbl